Survey of India general report (Record no. 544147)

000 -LEADER
fixed length control field 00388nam a22001337a 4500
082 ## - DEWEY DECIMAL CLASSIFICATION NUMBER
Classification number 526.9054
Author Mark SUR
-- L-Tech, P-108
100 ## - MAIN ENTRY--PERSONAL NAME
Personal name Survey of India
9 (RLIN) 39703
245 ## - TITLE STATEMENT
Title Survey of India general report
260 ## - PUBLICATION, DISTRIBUTION, ETC.
Place of publication, distribution, etc. Calcutta
Name of publisher, distributor, etc. The surveyor general of India
Date of publication, distribution, etc. c1939
300 ## - PHYSICAL DESCRIPTION
Extent 83 p. :
Other physical details ill. ;
Dimensions 24 cm
526 ## - STUDY PROGRAM INFORMATION NOTE
Program name 0
Interest level 0
Reading level 0
Title point value 526_905400000000000_SUR
650 ## - SUBJECT ADDED ENTRY--TOPICAL TERM
Topical term or geographic name entry element MCE
9 (RLIN) 379
942 ## - ADDED ENTRY ELEMENTS (KOHA)
Source of classification or shelving scheme
Koha item type Book
Holdings
Withdrawn status Lost status Source of classification or shelving scheme Damaged status Not for loan Permanent Location Current Location Date acquired Total Checkouts Full call number Barcode Date last seen Price effective from Koha item type
          Military College of Engineering (MCE) Military College of Engineering (MCE) 04/11/2014   526.9054 SUR MCE-40186 04/11/2014 04/11/2014 Book
© 2023 Central Library, National University of Sciences and Technology. All Rights Reserved.